<?xml version="1.0" encoding="UTF-8"?>
<record
    xmlns:xsi="http://www.w3.org/2001/XMLSchema-instance"
    xsi:schemaLocation="http://www.loc.gov/MARC21/slim http://www.loc.gov/standards/marcxml/schema/MARC21slim.xsd"
    xmlns="http://www.loc.gov/MARC21/slim">

  <leader>00520nam a22001817a 4500</leader>
  <controlfield tag="003">OSt</controlfield>
  <controlfield tag="005">20140310182215.0</controlfield>
  <controlfield tag="008">130907t        xxu||||| |||| 00| 0 eng d</controlfield>
  <datafield tag="050" ind1=" " ind2=" ">
    <subfield code="a">BT 653</subfield>
    <subfield code="b">.L896 1985</subfield>
  </datafield>
  <datafield tag="082" ind1=" " ind2=" ">
    <subfield code="a">HS 231.73</subfield>
    <subfield code="b"> L94 1985</subfield>
  </datafield>
  <datafield tag="100" ind1=" " ind2=" ">
    <subfield code="a">Lovasik, Lawrence G. </subfield>
    <subfield code="9">17003</subfield>
  </datafield>
  <datafield tag="245" ind1=" " ind2=" ">
    <subfield code="a">Our lady of Lourdes and Marie Bernadette </subfield>
    <subfield code="c">Lawrence G. Lovasik</subfield>
  </datafield>
  <datafield tag="260" ind1=" " ind2=" ">
    <subfield code="a">New York : </subfield>
    <subfield code="b">Catholic book publishing, </subfield>
    <subfield code="c">c1985.</subfield>
  </datafield>
  <datafield tag="300" ind1=" " ind2=" ">
    <subfield code="a">32 p. :</subfield>
    <subfield code="b">ill. ;</subfield>
    <subfield code="c">20 cm.</subfield>
  </datafield>
  <datafield tag="942" ind1=" " ind2=" ">
    <subfield code="2">lcc</subfield>
    <subfield code="c">HS</subfield>
  </datafield>
  <datafield tag="999" ind1=" " ind2=" ">
    <subfield code="c">10569</subfield>
    <subfield code="d">10569</subfield>
  </datafield>
  <datafield tag="952" ind1=" " ind2=" ">
    <subfield code="0">0</subfield>
    <subfield code="1">0</subfield>
    <subfield code="2">lcc</subfield>
    <subfield code="4">0</subfield>
    <subfield code="a">LUX</subfield>
    <subfield code="b">LUX</subfield>
    <subfield code="c">HS</subfield>
    <subfield code="d">2013-09-07</subfield>
    <subfield code="l">1</subfield>
    <subfield code="o">BT 653 .L896 1985</subfield>
    <subfield code="p">0137</subfield>
    <subfield code="r">2016-04-19 00:00:00</subfield>
    <subfield code="s">2015-08-26</subfield>
    <subfield code="t">1</subfield>
    <subfield code="w">2013-09-07</subfield>
    <subfield code="y">BK</subfield>
  </datafield>
  <datafield tag="952" ind1=" " ind2=" ">
    <subfield code="0">0</subfield>
    <subfield code="1">0</subfield>
    <subfield code="2">lcc</subfield>
    <subfield code="4">0</subfield>
    <subfield code="a">LUX</subfield>
    <subfield code="b">LUX</subfield>
    <subfield code="c">HS</subfield>
    <subfield code="d">2013-09-07</subfield>
    <subfield code="l">0</subfield>
    <subfield code="o">BT 653 .L896 1985</subfield>
    <subfield code="p">0136</subfield>
    <subfield code="r">2016-01-18 00:00:00</subfield>
    <subfield code="t">1</subfield>
    <subfield code="w">2013-09-07</subfield>
    <subfield code="y">BK</subfield>
  </datafield>
</record>
